| 000 | 01039cam a2200217 4500 | ||
|---|---|---|---|
| 001 | ##L131375 | ||
| 008 | 051026n2005 000 0 eng u | ||
| 020 |
_a1859419151 _a9781859419151 |
||
| 035 | _a(Sirsi) u131375 | ||
| 041 | 0 | _aeng | |
| 050 | 0 | 4 | _a306.026 |
| 100 | 1 | _aRobson, Graham | |
| 245 | 0 | 2 | _aA practical approach to housing law |
| 260 |
_aLondon _bCavendish _c2005 |
||
| 350 | _a40 | ||
| 520 | _aIntended as an accessible guide to housing law and practice this text is divided into five key sections: access to accommodation; security of tenure; disrepair and defective housing; harassment and illegal eviction; and relationship breakdown and rented accommodation. Each section is divided into more specific subjects with extracts from the relevent legislation and flow diagrams showing how to proceed in specfic circumstances. Tables of case law and UK and EU legislation. | ||
| 590 | _aIKA170106 | ||
| 690 | _aPROPERTY-RESIDENTIAL PROPERTY-RESIDENTIAL LANDLORD AND TENANT | ||
| 700 | 1 | _aRoberts, David | |
| 942 | _n0 | ||
| 999 |
_c104734 _d104734 |
||